[Event "Kemerovo op"]
[Site "Kemerovo"]
[Date "2011.07.28"]
[Round "6"]
[White "Akentjev, Oleg"]
[Black "Iskulov, Viktor"]
[Result "0-1"]
[WhiteElo "1845"]
[BlackElo "2056"]
[PlyCount "40"]
[EventDate "2011.07.25"]
[EventType "swiss"]
[EventRounds "9"]
[EventCountry "RUS"]
[SourceTitle "EXT 2012"]
[Source "ChessBase"]
[SourceDate "2011.11.24"]
[SourceVersion "1"]
[SourceVersionDate "2011.11.24"]
[SourceQuality "1"]

1. f4 e5 2. fxe5 d6 3. Nf3 g5 4. h3 dxe5 5. e4 Nc6 6. Bc4 Bc5 7. d3 h6 8. Nc3 a6 9. Rf1 Rh7 10. Nd5 g4 11. hxg4 Bxg4 12. c3 Nf6 13. Be3 Nxd5 14. exd5 Bxe3 15. dxc6 b5 16. Qe2 Bf4 17. Bb3 Qd6 18. Qe4 f5 19. Qd5 0-0-0 20. c4 Qb4+ 0-1

[Event "Kemerovo op"]
[Site "Kemerovo"]
[Date "2009.07.25"]
[Round "9"]
[White "Kuznetsov, Petr"]
[Black "Iskulov, Viktor"]
[Result "0-1"]
[WhiteElo "2032"]
[BlackElo "2074"]
[PlyCount "46"]
[EventDate "2009.07.20"]
[EventType "swiss"]
[EventRounds "9"]
[EventCountry "RUS"]
[SourceTitle "EXT 2022"]
[Source "ChessBase"]
[SourceDate "2021.10.06"]
[SourceVersion "1"]
[SourceVersionDate "2021.10.06"]
[SourceQuality "1"]

1. d4 Nf6 2. Nf3 g6 3. Nbd2 d5 4. e3 Bg7 5. b4 0-0 6. c4 c6 7. Bb2 Bg4 8. Be2 Nbd7 9. Qb3 e6 10. a4 Ne4 11. Nxe4 dxe4 12. Nd2 Bxe2 13. Kxe2 Qh4 14. f4 Qg4+ 15. Kf2 Rad8 16. h3 Qf5 17. g4 Qf6 18. Nxe4 Qh4+ 19. Kg2 f5 20. Ng5 fxg4 21. Nxe6 gxh3+ 22. Kf3 Nf6 23. Ke2 Ne4 0-1

[Event "Novokuznetsk op"]
[Site "Novokuznetsk"]
[Date "2008.08.13"]
[Round "2"]
[White "Iskulov, Viktor"]
[Black "Chernov, Mikhail"]
[Result "0-1"]
[WhiteElo "2084"]
[BlackElo "1950"]
[PlyCount "86"]
[EventDate "2008.08.12"]
[EventType "swiss"]
[EventRounds "9"]
[EventCountry "RUS"]
[SourceTitle "EXT 2022"]
[Source "ChessBase"]
[SourceDate "2021.10.06"]
[SourceVersion "1"]
[SourceVersionDate "2021.10.06"]
[SourceQuality "1"]

1. d4 Nf6 2. Nf3 e6 3. Bf4 c5 4. c3 Nc6 5. e3 Be7 6. h3 0-0 7. Nbd2 d5 8. Ne5 Nxe5 9. Bxe5 Bd6 10. Nf3 Qc7 11. Bd3 c4 12. Bc2 h6 13. Bxf6 gxf6 14. Qd2 Kh8 15. g3 Kg7 16. Nh2 Re8 17. Ng4 h5 18. Nh2 h4 19. 0-0-0 hxg3 20. Rdg1 Rg8 21. fxg3 Kf8 22. Nf1 b5 23. g4 Rb8 24. Qf2 b4 25. Qxf6 bxc3 26. bxc3 e5 27. Qh6+ Ke7 28. Ng3 exd4 29. Nh5 Ba3+ 30. Kd1 d3 31. Qf6+ Kf8 32. Qh6+ Ke7 33. Qf6+ Ke8 34. Ba4+ Bd7 35. Bxd7+ Kxd7 36. Qxf7+ Kc6 37. Qxc7+ Kxc7 38. Nf4 Rb1+ 39. Kd2 Rb2+ 40. Ke1 Rgb8 41. Kf1 Rxa2 42. Ng2 Rb1+ 43. Ne1 d2 0-1

[Event "Novokuznetsk Goriainov Memorial op"]
[Site "Novokuznetsk"]
[Date "2007.08.19"]
[Round "6"]
[White "Ufimtsev, Vladimir"]
[Black "Iskulov, Viktor"]
[Result "1-0"]
[WhiteElo "2166"]
[BlackElo "2108"]
[PlyCount "93"]
[EventDate "2007.08.14"]
[EventType "swiss"]
[EventRounds "9"]
[EventCountry "RUS"]
[SourceTitle "EXT 2009"]
[Source "ChessBase"]
[SourceDate "2008.11.26"]
[SourceVersion "1"]
[SourceVersionDate "2008.11.26"]
[SourceQuality "1"]

1. e4 Nf6 2. e5 Nd5 3. d4 d6 4. c4 Nb6 5. f4 dxe5 6. fxe5 Nc6 7. Be3 Bf5 8. Nc3 e6 9. Nf3 Be7 10. d5 Nb4 11. Rc1 c5 12. d6 Bf8 13. Bxc5 Na6 14. Bd4 g6 15. c5 Nd7 16. Bxa6 bxa6 17. c6 Bh6 18. cxd7+ Qxd7 19. Ra1 0-0 20. 0-0 f6 21. Nh4 fxe5 22. Bxe5 Rae8 23. Qd4 Rb8 24. Nxf5 exf5 25. Nd5 Bg5 26. Rae1 Rb5 27. Nf6+ Bxf6 28. Bxf6 Qf7 29. Be7 Rd5 30. Qc4 Rb8 31. Rd1 Rxd1 32. Qxf7+ Kxf7 33. Rxd1 Ke6 34. Bg5 Kd7 35. Rd2 Rb4 36. Be3 f4 37. Bxa7 g5 38. Bc5 Rc4 39. b4 g4 40. Re2 Rc1+ 41. Kf2 Rd1 42. Re7+ Kc6 43. Ke2 Rd5 44. Re4 f3+ 45. gxf3 gxf3+ 46. Kxf3 Rf5+ 47. Kg4 1-0

[Event "Novokuznetsk Goriainov Memorial op"]
[Site "Novokuznetsk"]
[Date "2007.08.14"]
[Round "9"]
[White "Ushacov, Vladimir"]
[Black "Iskulov, Viktor"]
[Result "1/2-1/2"]
[WhiteElo "2151"]
[BlackElo "2108"]
[PlyCount "66"]
[EventDate "2007.08.14"]
[EventType "swiss"]
[EventRounds "9"]
[EventCountry "RUS"]
[SourceTitle "EXT 2009"]
[Source "ChessBase"]
[SourceDate "2008.11.26"]
[SourceVersion "1"]
[SourceVersionDate "2008.11.26"]
[SourceQuality "1"]

1. d4 d5 2. c4 e6 3. Nf3 Nf6 4. g3 Be7 5. Bg2 0-0 6. 0-0 c6 7. Nc3 a5 8. Ne5 Nbd7 9. f4 Nxe5 10. fxe5 Nd7 11. cxd5 exd5 12. e4 dxe4 13. Nxe4 Qb6 14. Kh1 c5 15. Be3 Qxb2 16. Rb1 Qxa2 17. Nc3 Qe6 18. Bd5 Qa6 19. Rxf7 Rxf7 20. e6 Rf1+ 21. Qxf1 Qxf1+ 22. Rxf1 Nf6 23. dxc5 Ra6 24. c6 bxc6 25. Bc4 Ra8 26. Rb1 a4 27. Nxa4 Nd5 28. Bxd5 cxd5 29. Nb6 Rb8 30. Rd1 Bxe6 31. Nxd5 Bf8 32. Nf4 Bg4 33. Re1 Bb4 1/2-1/2

[Event "Sibiria Region-ch"]
[Site "Russia"]
[Date "2007.03.23"]
[Round "6"]
[White "Iskulov, Viktor"]
[Black "Oganisjan, Roman"]
[Result "0-1"]
[WhiteElo "2120"]
[BlackElo "2352"]
[PlyCount "58"]
[EventDate "2007.03.18"]
[EventType "swiss"]
[EventRounds "9"]
[EventCountry "RUS"]
[SourceTitle "EXT 2008"]
[Source "ChessBase"]
[SourceDate "2007.11.25"]
[SourceVersion "1"]
[SourceVersionDate "2007.11.25"]
[SourceQuality "1"]

1. d4 Nf6 2. Nf3 g6 3. c4 Bg7 4. Nc3 0-0 5. Bg5 d6 6. e3 Na6 7. Be2 c5 8. 0-0 Be6 9. a3 Rc8 10. Nd2 h6 11. Bh4 Nh7 12. d5 Bd7 13. Qc2 g5 14. Bg3 f5 15. Bd3 Qe8 16. f3 Nc7 17. e4 Qf7 18. Rae1 f4 19. Bf2 Be5 20. b4 Qg7 21. Ne2 b6 22. bxc5 dxc5 23. Nc1 g4 24. Be2 g3 25. hxg3 fxg3 26. Be3 Bf4 27. Bxf4 Qd4+ 28. Rf2 Qxf2+ 29. Kh1 Rxf4 0-1